000 00315nam a2200121Ia 4500
008 240624s9999 xx 000 0 und d
041 _aeng
082 _a005.133 EVJ
100 _aEVJEN BILL
245 _aVISUAL BASIC NET PROGRAMMING BIBLE
260 _c2004
_aNew Delhi
_bWiley Dreamtech India
300 _axxxii, : 1240
999 _c947
_d947